La Europa de la legalidad contra la internacional del fraude: textos publicados en agosto de 2002

Gespeichert in:
Bibliographische Detailangaben
Körperschaften: Oficina Europea de Lucha contra el Fraude (VerfasserIn), OLAF (VerfasserIn)
Format: Buch
Sprache:Spanisch
Veröffentlicht: Luxemburgo Comunidad Europea 2003
Schlagworte:
Tags: Tag hinzufügen
Keine Tags, Fügen Sie den ersten Tag hinzu!

MARC

LEADER 00000nam a2200000 a 4500
001 UCM9847
003 CL-VaPUC
008 030523e20030000lu |||||||||||||||||spa|d
082 0 4 |a 364.135  |b OFI  |2 21 
110 2 |a Oficina Europea de Lucha contra el Fraude  |e author  |9 476447 
710 2 |a OLAF  |e author  |9 476448 
245 1 3 |a La Europa de la legalidad contra la internacional del fraude: textos publicados en agosto de 2002 
300 |a 32 p 
942 |c BK 
945 |d 20030523 00:00:00  |a cmena 
260 |a Luxemburgo  |b Comunidad Europea  |c 2003 
600 0 7 |a UNION EUROPEA  |2 CL-VaPUC  |9 320734 
650 0 |a Delitos internacionales   |9 255069 
650 7 |a FRAUDE  |2 CL-VaPUC  |9 258623 
650 0 |a Corrupción  |9 328304 
650 0 |a Relaciones Internacionales  |9 255740 
583 |a last modification  |c 20171005 03:29:45  |k Rodrigo Vera 
999 |c 303932  |d 303930 
952 |0 0  |1 0  |2 ddc  |4 0  |6 364_135000000000000_OFI_2003  |7 0  |8 A  |9 365598  |a BIBDER  |b BIBDER  |d 2019-11-21  |i 3906272  |o 364.135 OFI 2003  |p 3906272  |r 2023-01-25  |w 2019-11-21  |y MX  |k DER